000 01016nam a2200313 a 4500
999 _c775
_d775
001 1684050
003 GZU
005 20200914103849.0
008 990211s1998 rh a 001 0beng
010 _a 98982704
020 _a1779031459
040 _aDLC
_cDLC
042 _alcode
043 _af-rh---
050 0 0 _aDT2984
_bCHIN 1998
100 1 _aMitchell, Diana,
_d1932-
245 1 0 _aJosiah Mushore Chinamano /
_cby Diana Mitchell.
246 1 4 _aJosiah Chinamano
260 _aArdbennie, Harare :
_bLongman Zimbabwe,
_c1998.
300 _aiv, 64 p. :
_bill. ;
_c21 cm.
440 0 _aIn search of freedom
500 _aIncludes index.
600 1 0 _aChinamano, Josiah Mushore,
_d1922-1984.
650 0 _aStatesmen
_zZimbabwe
_vBiography.
651 0 _aZimbabwe
_xHistory
_xAutonomy and independence movements.
906 _a7
_bcbc
_corigode
_d3
_encip
_f19
_gy-gencatlg
942 _2lcc
_cBK
_h2984
_iCHIN
_kDT